000 00215nam a22000857a 4500
008 161108b xxu||||| |||| 00| 0 eng d
100 _91073
_aSood.R.
245 _aInformation Technology-IX
260 _aNew Delhi
_bAPC
_c2011
999 _c3730
_d3730